| 000 | 00888nas a2200301 4500 | ||
|---|---|---|---|
| 001 | BR2013003835 | ||
| 003 | BR-BrBNA | ||
| 005 | 20231205122335.0 | ||
| 007 | ta | ||
| 008 | 230509b bl.|||p| |||| 00| 00por d | ||
| 040 |
_aBR-BrBNA _bpor _cBiblioteca Nacional de Agricultura |
||
| 041 | _a(En) | ||
| 072 | _aF04; F08 | ||
| 100 | 1 | _aHastenpflug, M. | |
| 100 | 1 | _aMartin, T.N. | |
| 100 | 1 | _aBraida, J.A. | |
| 100 | 1 | _aBarbosa, D.K. | |
| 100 | 1 | _aZielinski, R.P. | |
| 100 | 1 | _aRefatti, R. | |
| 245 | 1 | _aGrain yield of dual-purpose wheat cultivars as affected by nitrogen and cuttings | |
| 650 | _aTRIGO | ||
| 650 | _aFERTILIZANTE NITROGENADO | ||
| 650 | _aAGROSSILVICULTURA | ||
| 650 | _aRENDIMENTO | ||
| 773 | 0 |
_tBragantia (Brazil) _xISSN 0006-8705 _g(oct-dec 2011), v. 70(4) p. 819-824 _wBR2013003835 |
|
| 909 |
_a202311 _bLúcia _c55 _dLúcia Elande |
||
| 942 |
_2AGRIS _n0 _cANA |
||
| 999 |
_c228154 _d228154 |
||